[Event "Kolhapur Kulkarni Memorial"]
[Site "Kolhapur"]
[Date "2021.12.08"]
[Round "8"]
[White "Pradeep, Tiwari"]
[Black "Bartakke, Aditya"]
[Result "0-1"]
[WhiteElo "1887"]
[BlackElo "1678"]
[PlyCount "100"]
[EventDate "2021.12.04"]
[EventType "swiss"]
[EventRounds "10"]
[EventCountry "IND"]
[SourceTitle "EXT 2023"]
[Source "ChessBase"]
[SourceDate "2022.10.05"]
[SourceVersion "1"]
[SourceVersionDate "2022.10.05"]
[SourceQuality "1"]

1. b3 Nf6 2. Bb2 d5 3. e3 g6 4. g3 Bg7 5. Bg2 0-0 6. Ne2 Re8 7. d3 e5 8. Nd2 b6 9. 0-0 Bb7 10. h3 Nbd7 11. Kh2 Nc5 12. Rb1 a5 13. a4 h5 14. Ba3 Qd7 15. Qe1 Rad8 16. Ng1 Ba6 17. Ne2 Ne6 18. Rh1 c5 19. Bb2 Qd6 20. Nc3 h4 21. e4 Nd4 22. Qd1 c4 23. bxc4 dxc4 24. Nxc4 Bxc4 25. dxc4 Qc6 26. Nd5 Qxc4 27. Bxd4 exd4 28. Nxb6 Qa2 29. Qd3 Nh5 30. Bf3 hxg3+ 31. fxg3 Rc8 32. Nxc8 Rxc8 33. Rhc1 Rc3 34. Qd1 Be5 35. Kg1 d3 36. Bxh5 Rxc2 37. Rxc2 dxc2 38. Qd8+ Kg7 39. Rc1 Qb3 40. Qd2 Qxg3+ 41. Kf1 Qxh3+ 42. Qg2 Qd3+ 43. Qe2 Qh3+ 44. Qg2 Qxh5 45. Qxc2 Qf3+ 46. Kg1 Bd4+ 47. Kh2 Qf4+ 48. Kg2 Qg4+ 49. Kh2 Be5+ 50. Kh1 Qh3+ 0-1

[Event "Kolhapur Kulkarni Memorial"]
[Site "Kolhapur"]
[Date "2021.12.08"]
[Round "9"]
[White "Varghese Pappachan, K."]
[Black "Pradeep, Tiwari"]
[Result "0-1"]
[WhiteElo "1402"]
[BlackElo "1887"]
[PlyCount "146"]
[EventDate "2021.12.04"]
[EventType "swiss"]
[EventRounds "10"]
[EventCountry "IND"]
[SourceTitle "EXT 2023"]
[Source "ChessBase"]
[SourceDate "2022.10.05"]
[SourceVersion "1"]
[SourceVersionDate "2022.10.05"]
[SourceQuality "1"]

1. c4 e5 2. g3 Nc6 3. Bg2 Bc5 4. Nc3 a6 5. e3 d6 6. Nge2 Nf6 7. a3 0-0 8. 0-0 h6 9. d4 Ba7 10. h3 Bd7 11. b4 Qc8 12. Kh2 Ne7 13. Bb2 Bc6 14. d5 Bd7 15. Qd2 Ng6 16. f4 Re8 17. f5 Bxf5 18. e4 Bd7 19. Rxf6 gxf6 20. Qxh6 Qd8 21. Rf1 Qe7 22. Bc1 Qf8 23. Qh5 Qg7 24. Qf3 Kf8 25. Qxf6 Qxf6 26. Rxf6 Kg7 27. Bg5 Rh8 28. h4 Rh7 29. Bf3 Ne7 30. Bg2 Ng8 31. Rf1 f6 32. Bd2 Rf8 33. Bh3 Bxh3 34. Kxh3 Ne7 35. g4 Rfh8 36. h5 Rf8 37. Ng3 Bd4 38. Nce2 c6 39. h6+ Kg6 40. Nh5 Rhf7 41. Neg3 cxd5 42. cxd5 Rc8 43. Rf3 Rc2 44. Nf1 Ng8 45. Nhg3 Nxh6 46. Bxh6 Kxh6 47. Nf5+ Kg5 48. Nxd6 Rh7+ 49. Kg3 Bb6 50. Nf5 Rh1 51. Nh4 Rg1+ 52. Kh3 Rh1+ 53. Kg3 Bf2+ 54. Rxf2 Rxf2 55. Kxf2 Rxh4 56. Ne3 Rh2+ 57. Ke1 Kf4 58. Nc4 Kxe4 59. d6 Kd5 60. d7 Rh8 61. Na5 Rd8 62. Nxb7 Rxd7 63. Nc5 Ra7 64. Nb3 Rg7 65. Nc5 a5 66. Ke2 axb4 67. axb4 Rxg4 68. Nd7 Rxb4 69. Nxf6+ Kd4 70. Ng4 Rb2+ 71. Ke1 e4 72. Nf2 Rxf2 73. Kxf2 Kd3 0-1

[Event "Kolhapur Kulkarni Memorial"]
[Site "Kolhapur"]
[Date "2021.12.06"]
[Round "5"]
[White "Pradeep, Tiwari"]
[Black "Gaikwad, Manas"]
[Result "1-0"]
[WhiteElo "1887"]
[BlackElo "1243"]
[PlyCount "53"]
[EventDate "2021.12.04"]
[EventType "swiss"]
[EventRounds "10"]
[EventCountry "IND"]
[SourceTitle "EXT 2023"]
[Source "ChessBase"]
[SourceDate "2022.10.05"]
[SourceVersion "1"]
[SourceVersionDate "2022.10.05"]
[SourceQuality "1"]

1. d4 Nf6 2. Nf3 g6 3. g3 Bg7 4. Bg2 d6 5. c4 0-0 6. Nc3 Nc6 7. e4 a6 8. 0-0 Rb8 9. a4 Bg4 10. h3 Bxf3 11. Bxf3 Nd7 12. Be3 e5 13. dxe5 Ndxe5 14. Be2 Re8 15. Kg2 Ne7 16. Bd4 f5 17. f4 N5c6 18. Bxg7 Kxg7 19. Bf3 fxe4 20. Bxe4 Ng8 21. Re1 Nf6 22. Bf3 Qd7 23. Qd2 Na5 24. Nd5 Nxd5 25. Bxd5 Nc6 26. Qc3+ Kh6 27. g4 1-0

[Event "Kolhapur Kulkarni Memorial"]
[Site "Kolhapur"]
[Date "2021.12.05"]
[Round "3"]
[White "Pradeep, Tiwari"]
[Black "Soni Deepak, R."]
[Result "1-0"]
[WhiteElo "1887"]
[BlackElo "1480"]
[PlyCount "87"]
[EventDate "2021.12.04"]
[EventType "swiss"]
[EventRounds "10"]
[EventCountry "IND"]
[SourceTitle "EXT 2023"]
[Source "ChessBase"]
[SourceDate "2022.10.05"]
[SourceVersion "1"]
[SourceVersionDate "2022.10.05"]
[SourceQuality "1"]

1. d4 Nf6 2. Nf3 g6 3. c4 Bg7 4. Nc3 0-0 5. e4 d6 6. Bg5 e5 7. dxe5 dxe5 8. Qxd8 Rxd8 9. Bxf6 Bxf6 10. Nd5 Rxd5 11. cxd5 Bg4 12. Rc1 c6 13. h3 Bxf3 14. gxf3 Kf8 15. Bc4 Nd7 16. dxc6 bxc6 17. Ba6 Rb8 18. Rxc6 Rxb2 19. 0-0 Bh4 20. Bc4 Rc2 21. Bd5 Rxc6 22. Bxc6 Nc5 23. Rd1 Be7 24. Rd5 f6 25. Kf1 Ne6 26. Bd7 Nc5 27. Bc8 a5 28. Ke2 a4 29. Kd2 a3 30. Kc2 h6 31. Rd1 Na4 32. Kb3 Nc5+ 33. Kc4 Na4 34. Kb3 Nc5+ 35. Kc2 h5 36. Rb1 h4 37. Rb8 Kg7 38. Ra8 Kf7 39. Kc3 Ne6 40. Bxe6+ Kxe6 41. Ra6+ Kf7 42. Kb3 f5 43. exf5 gxf5 44. Kc4 1-0

[Event "Kolhapur Kulkarni Memorial"]
[Site "Kolhapur"]
[Date "2021.12.05"]
[Round "2"]
[White "Sawant, Vaibhav"]
[Black "Pradeep, Tiwari"]
[Result "0-1"]
[WhiteElo "1282"]
[BlackElo "1887"]
[PlyCount "40"]
[EventDate "2021.12.04"]
[EventType "swiss"]
[EventRounds "10"]
[EventCountry "IND"]
[SourceTitle "EXT 2023"]
[Source "ChessBase"]
[SourceDate "2022.10.05"]
[SourceVersion "1"]
[SourceVersionDate "2022.10.05"]
[SourceQuality "1"]

1. c4 e5 2. g3 Nf6 3. Bg2 Nc6 4. Nc3 Bc5 5. e3 d6 6. Nge2 0-0 7. 0-0 a6 8. d4 exd4 9. exd4 Ba7 10. h3 h6 11. g4 Nh7 12. d5 Ne5 13. Ng3 Qh4 14. Nf5 Bxf5 15. gxf5 Ng5 16. Bxg5 hxg5 17. Qe2 g4 18. Qe4 Rae8 19. Qf4 g5 20. Qg3 Qxg3 0-1